| 000 | 00791nas a2200277 4500 | ||
|---|---|---|---|
| 001 | BR2014007247 | ||
| 003 | BR-BrBNA | ||
| 005 | 20231205124722.0 | ||
| 007 | ta | ||
| 008 | 230509b bl.|||p| |||| 00| 00por d | ||
| 040 |
_aBR-BrBNA _bpor _cBiblioteca Nacional de Agricultura |
||
| 041 | _a(Pt) | ||
| 072 | _aQ04 | ||
| 100 | 1 | _aAlaburda, J. | |
| 100 | 1 | _aShundo, L. | |
| 245 | 1 | _aÁcido fólico e fortificação de alimentos | |
| 650 | _aFARINHA | ||
| 650 | _aTRIGO | ||
| 650 | _aMILHO | ||
| 650 | _aPROPRIEDADE FÍSICO-QUÍMICA | ||
| 650 | _aÁCIDO FÓLICO | ||
| 650 | _aVITAMINA | ||
| 773 | 0 |
_tRevista do Instituto Adolfo Lutz (Brazil) _xISSN 0073-9855 _g(May-Aug 2007), v. 66(2) p. 95-102 _wBR2014007247 |
|
| 909 |
_a202311 _bLúcia _c55 _dLúcia Elande |
||
| 942 |
_2AGRIS _n0 _cANA |
||
| 999 |
_c240554 _d240554 |
||